|
|
|
|
| LEADER |
00000nam2a2200000 4500 |
| 001 |
331146 |
| 005 |
20231102004328.0 |
| 035 |
|
|
|a (RuTPU)RU\TPU\book\356934
|
| 035 |
|
|
|a RU\TPU\book\302440
|
| 090 |
|
|
|a 331146
|
| 100 |
|
|
|a 20170414d1979 k y0rusy50 ca
|
| 101 |
0 |
|
|a rus
|
| 102 |
|
|
|a BY
|
| 105 |
|
|
|a a z 001zy
|
| 200 |
0 |
|
|a Вып. 9
|f гл. ред. К. И. Шимко
|
| 210 |
|
|
|d 1979
|
| 215 |
|
|
|a 156 с.
|c ил.
|
| 320 |
|
|
|a Библиогр. в конце ст.
|
| 461 |
|
1 |
|0 (RuTPU)RU\TPU\book\88174
|t Водное хозяйство и гидротехническое строительство
|o республиканский межведомственный сборник
|f Белорусский политехнический институт ; под ред. В. П. Старинского
|v Вып. 9
|d 1971-1987
|
| 606 |
1 |
|
|a Водное хозяйство
|x (гидрология)
|2 stltpush
|3 (RuTPU)RU\TPU\subj\2748
|9 31273
|
| 606 |
1 |
|
|a Гидротехническое строительство
|x В целом
|2 stltpush
|3 (RuTPU)RU\TPU\subj\6989
|9 34737
|
| 610 |
1 |
|
|a осушение
|
| 610 |
1 |
|
|a мелиорация
|
| 610 |
1 |
|
|a стоки
|
| 610 |
1 |
|
|a малые реки
|
| 610 |
1 |
|
|a осадки
|
| 610 |
1 |
|
|a водоснабжение
|
| 610 |
1 |
|
|a энергообеспечение
|
| 610 |
1 |
|
|a водозаборные скважины
|
| 610 |
1 |
|
|a водосборники
|
| 610 |
1 |
|
|a фильтры
|
| 610 |
1 |
|
|a подземные воды
|
| 610 |
1 |
|
|a очистка
|
| 610 |
1 |
|
|a селен
|
| 610 |
1 |
|
|a химический состав
|
| 610 |
1 |
|
|a мелиоративные машины
|
| 675 |
|
|
|a 556.18
|v 4
|
| 675 |
|
|
|a 626/628
|v 4
|
| 702 |
|
1 |
|a Шимко
|b К. И.
|4 651
|
| 801 |
|
1 |
|a RU
|b 63413507
|c 20141217
|
| 801 |
|
2 |
|a RU
|b 63413507
|c 20170419
|g RCR
|
| 942 |
|
|
|c BK
|